Municipios de Málaga - Estadísticas

Estadísticas generales
  • Esta prueba ha sido intentada 36 veces
  • La puntuación promedio es 28 de 103
Estadísticas de respuestas
Municipios % Correcto
Málaga
91%
Marbella
85%
Benalmádena
82%
Fuengirola
82%
Nerja
82%
Torremolinos
82%
Ronda
79%
Cártama
70%
Estepona
70%
Mijas
70%
Alhaurín de la Torre
67%
Antequera
67%
Rincón de la Victoria
67%
Torrox
64%
Vélez-Málaga
64%
Alhaurín el Grande
55%
Coín
55%
Frigiliana
55%
Casabermeja
45%
Álora
42%
Manilva
42%
Algarrobo
39%
Campillos
39%
Casarabonela
39%
Tolox
39%
Villanueva del Trabuco
39%
Archidona
36%
Pizarra
36%
Benahavís
33%
Casares
33%
Ojén
33%
Villanueva del Rosario
33%
Alameda
30%
Almogía
30%
Júzcar
30%
Ardales
27%
Teba
27%
Istán
24%
Alfarnate
21%
Almargen
21%
Arriate
21%
Colmenar
21%
Cuevas del Becerro
21%
Cuevas de San Marcos
21%
Gaucín
21%
Monda
21%
Villanueva de la Concepción
21%
Alcaucín
18%
Alozaina
18%
Benalauría
18%
Canillas de Aceituno
18%
Carratraca
18%
Humilladero
18%
Sierra de Yeguas
18%
Totalán
18%
Villanueva de Algaidas
18%
Yunquera
18%
Algatocín
15%
Almáchar
15%
Arenas
15%
Benaoján
15%
Comares
15%
Cómpeta
15%
El Burgo
15%
Faraján
15%
Genalguacil
15%
Jubrique
15%
Parauta
15%
Villanueva de Tapia
15%
Alfarnatejo
12%
Alpandeire
12%
Benamocarra
12%
Benarrabá
12%
Fuente de Piedra
12%
Guaro
12%
Riogordo
12%
Salares
12%
Valle de Abdalajís
12%
Benadalid
9%
Benamargosa
9%
Cañete la Real
9%
Canillas de Albaida
9%
Cartajima
9%
Cortes de la Frontera
9%
Cútar
9%
Igualeja
9%
Iznate
9%
Jimera de Líbar
9%
Macharaviaya
9%
Moclinejo
9%
Montecorto
9%
Periana
9%
Pujerra
9%
Sayalonga
9%
Sedella
9%
Serrato
9%
Atajate
6%
Cuevas Bajas
6%
El Borge
6%
La Viñuela
6%
Montejaque
6%
Árchez
3%
Mollinas
0%
No se encontraron pruebas coincidentes
Distribución de puntuación
Porcentaje de gente con cada puntuación
Porcentaje por número respondido
Historial de tus puntuaciones
No has intentado esta prueba.